Koncepčný návrh mestského vozidla prispôsobeného pre staršie osoby

Gespeichert in:
Bibliographische Detailangaben
1. Verfasser: Flaškár, Richard (Verfasst von)
Weitere Verfasser: Gulanová, Jana (Betreuung Doktorarbeit)
Format: Manuskript Buch
Sprache:Slowakisch
Veröffentlicht: 2019
Schlagworte:
Online-Zugang:http://is.stuba.sk/zp/portal_zp.pl?podrobnosti=136681
Tags: Tag hinzufügen
Keine Tags, Fügen Sie das erste Tag hinzu!

MARC

LEADER 00000ntm a22000003a 4500
001 stuzp74095
003 SK-STU
005 20190608212827.5
007 ta
008 150427s2015----xo-----f-mn---000-0-slo-d
040 |a STU  |b slo 
041 0 |a slo 
100 1 |a Flaškár, Richard  |u 020030  |4 aut  |U SjF Strojnícka fakulta  |T SjF Ústav dopravnej techniky a konštruovania  |X 87286  |U J0030  |Y 806  |7 87286 
242 0 1 |a Conceptual design of a city vehicle for elderly people  |y eng 
245 1 0 |a Koncepčný návrh mestského vozidla prispôsobeného pre staršie osoby 
260 |c 2019 
650 4 |a staršie osoby  |2 slo 
650 4 |a koncepčný návrh  |2 slo 
650 4 |a mestské vozidlo  |2 slo 
650 4 |a požiadavky starších osôb  |2 slo 
650 4 |a urban vehicle  |2 eng 
650 4 |a elderly  |2 eng 
650 4 |a conceptual design  |2 eng 
650 4 |a elderly requirements  |2 eng 
700 1 |a Gulanová, Jana  |u 020030  |k Z1  |4 ths  |U SjF Strojnícka fakulta  |T SjF Ústav dopravnej techniky a konštruovania  |X 48878  |U J0030  |Y 806  |7 A000048878 
856 4 |u http://is.stuba.sk/zp/portal_zp.pl?podrobnosti=136681 
996 |b 284J045943  |c J* 3053/DBP  |l JJSK  |s A  |a 24  |w stuzp74095_0001